5HLuxD.jpg

KING HENRY VIII SENIOR AND PRIMARY SCHOOL LIBRARY OPAC

Never say die / (Record no. 3723)

000 -LEADER
fixed length control field 01715cam a2200349 ab4500
001 - CONTROL NUMBER
control field 2345372
003 - CONTROL NUMBER IDENTIFIER
control field OSt
005 - DATE AND TIME OF LATEST TRANSACTION
control field 20241003093656.0
008 - FIXED-LENGTH DATA ELEMENTS--GENERAL INFORMATION
fixed length control field 211222t20172017enk 000 1 eng d
020 ## - INTERNATIONAL STANDARD BOOK NUMBER
International Standard Book Number 9781406378672
040 ## - CATALOGING SOURCE
Original cataloging agency GE2
Language of cataloging eng
Transcribing agency GE2
Modifying agency TCPL
-- KH8
Description conventions aacr2
042 ## - AUTHENTICATION CODE
Authentication code nbic
082 ## - DEWEY DECIMAL CLASSIFICATION NUMBER
Classification number FIC HOR
100 1# - MAIN ENTRY--PERSONAL NAME
Personal name Horowitz, Anthony,
Dates associated with a name 1955-
Relator term author.
245 10 - TITLE STATEMENT
Title Never say die /
Statement of responsibility, etc. Anthony Horowitz.
260 ## - PUBLICATION, DISTRIBUTION, ETC.
Place of publication, distribution, etc. London :
Name of publisher, distributor, etc. Walker Books Ltd.,
Date of publication, distribution, etc. 2017.
300 ## - PHYSICAL DESCRIPTION
Extent 376 pages ;
Dimensions 20 cm.
490 1# - SERIES STATEMENT
Series statement Alex Rider.
520 ## - SUMMARY, ETC.
Summary, etc. Fifteen-year-old MI6 agent Alex Rider travels around the world on a dangerous mission to destroy the deadly terrorist organization, Scorpia, once and for all.
520 ## - SUMMARY, ETC.
Summary, etc. Alex relocates to San Francisco as he slowly recovers from the tragic death of his best friend and caregiver, Jack Starbright, at the hands of terrorists working for SCORPIA. Out of the blue he receives a cryptic email-- just three words long, but enough to make Alex believe that Jack may be alive. He boards a flight bound for Egypt and embarks on a dubious quest to track Jack down. But SCORPIA is working on a new terrorist plot-- and Alex must traverse a minefield of dangers and cryptic clues as he fights to discover the truth.
526 0# - STUDY PROGRAM INFORMATION NOTE
Program name Accelerated Reader
Interest level MG+
Reading level 5.4
Title point value 14.0
Public note 191576.
526 0# - STUDY PROGRAM INFORMATION NOTE
Program name Accelerated Reader AR
Interest level MG+
Reading level 5.4
Title point value 14
Public note 191576.
600 10 - SUBJECT ADDED ENTRY--PERSONAL NAME
Personal name Rider, Alex
Titles and other words associated with a name (Fictitious character)
610 10 - SUBJECT ADDED ENTRY--CORPORATE NAME
Corporate name or jurisdiction name as entry element Great Britain.
Subordinate unit MI6
Form subdivision Fiction.
650 #0 - SUBJECT ADDED ENTRY--TOPICAL TERM
Topical term or geographic name entry element Terrorism
Form subdivision Fiction.
650 #0 - SUBJECT ADDED ENTRY--TOPICAL TERM
Topical term or geographic name entry element Teenage boys
Form subdivision Fiction.
650 #0 - SUBJECT ADDED ENTRY--TOPICAL TERM
Topical term or geographic name entry element Spy stories.
650 #0 - SUBJECT ADDED ENTRY--TOPICAL TERM
Topical term or geographic name entry element Adventure stories.
800 1# - SERIES ADDED ENTRY--PERSONAL NAME
Personal name Horowitz, Anthony,
Dates associated with a name 1955-
Title of a work Alex Rider adventure.
830 #0 - SERIES ADDED ENTRY--UNIFORM TITLE
Uniform title Alex Rider.
942 ## - ADDED ENTRY ELEMENTS (KOHA)
Source of classification or shelving scheme
Koha item type Books - Fiction
Holdings
Withdrawn status Lost status Source of classification or shelving scheme Damaged status Not for loan Collection code Permanent Location Current Location Shelving location Date acquired Full call number Barcode Date last seen Price effective from Koha item type
          Fiction KH8 Senior School Library KH8 Senior School Library Fiction 2024-10-03 FIC HOR 3KHSL000102065 2024-10-03 2024-10-03 Books - Fiction

Powered By KH8 IT Dept